000 00423nam a2200145Ia 4500
008 100204s9999 xx 000 0 und d
082 _b1452
100 _aराजाध्यक्ष विजया
245 _aअधांतर
260 _b"मौज प्रकाशन , मुंबई"
_c1965
300 _a238
630 _aअधांतर
730 _aअधांतर
942 _cBOOK
999 _c446613
_d446610